[Event "Titled Tue 10th Jun Late"]
[Site "chess.com INT"]
[Date "2025.06.10"]
[Round "2"]
[White "Danila, Tudor-Gabriel"]
[Black "Paravyan, David"]
[Result "1-0"]
[WhiteTitle "CM"]
[BlackTitle "GM"]
[WhiteElo "2178"]
[BlackElo "2589"]
[WhiteFideId "1274244"]
[BlackFideId "4194985"]
[EventDate "2025.06.10"]

1. e4 c6 2. Nc3 d5 3. Nf3 g6 4. d4 Bg7 5. h3 dxe4 6. Nxe4 Nf6 7. Nxf6+ exf6 8.
Bd3 O-O 9. O-O Na6 10. c4 Re8 11. Be3 Nc7 12. Rc1 Be6 13. Qd2 Qd7 14. Rfd1 Rad8
15. Qb4 b6 16. Qa4 b5 17. Qc2 bxc4 18. Bxc4 Nd5 19. Bd2 Bf5 20. Bd3 Bxh3 21.
Qxc6 Qg4 22. Bf1 Re2 23. Nh2 Qe4 24. gxh3 Rxd2 25. Rxd2 Bh6 26. Re2 Qxd4 27.
Rce1 Kg7 28. Re8 Rxe8 29. Rxe8 Bf4 30. Nf3 Qd1 31. Kg2 Bc7 32. Re4 Bb6 33. Be2
Ne3+ 34. Rxe3 Qd8 35. Re8 1-0

[Event "Titled Tue 10th Jun Late"]
[Site "chess.com INT"]
[Date "2025.06.10"]
[Round "2"]
[White "Guerra Mendez, Jose Angel"]
[Black "Daspres, Loic"]
[Result "1/2-1/2"]
[WhiteTitle "GM"]
[BlackTitle "CM"]
[WhiteElo "2478"]
[BlackElo "2207"]
[WhiteFideId "3508129"]
[BlackFideId "20612281"]
[EventDate "2025.06.10"]

1. e4 c5 2. Nf3 e6 3. d4 cxd4 4. Nxd4 Nf6 5. Nc3 Nc6 6. Ndb5 Bb4 7. a3 Bxc3+ 8.
Nxc3 d5 9. Bd3 dxe4 10. Nxe4 Nxe4 11. Bxe4 Qxd1+ 12. Kxd1 Bd7 13. Re1 O-O 14.
Bd2 Rac8 15. Bd3 Ne7 16. Kc1 Bc6 17. f3 Bd5 18. Bb4 Rfe8 19. Bb5 Bc6 20. Bxc6
Nxc6 21. Bc3 Red8 22. b3 Nd4 23. Kb2 Nb5 24. Re3 Nxc3 25. Rxc3 Rxc3 26. Kxc3 f6
27. Re1 Kf7 28. Re4 e5 29. Rc4 Rd7 30. a4 Ke6 31. a5 Kd6 32. b4 Rc7 33. Rxc7
Kxc7 34. Kc4 a6 35. Kd5 Kd7 36. c4 h6 37. b5 axb5 38. cxb5 Kc7 39. Ke6 h5 40. h4
Kc8 41. Kf5 Kd7 42. g4 hxg4 43. Kxg4 g6 44. h5 gxh5+ 45. Kxh5 f5 46. Kg5 e4 47.
Kf4 exf3 48. Kxf3 Kd6 49. Kf4 Kc5 50. a6 bxa6 51. bxa6 Kb6 52. Kxf5 Ka7 53. Ke6
Kxa6 1/2-1/2

[Event "Titled Tue 10th Jun Late"]
[Site "chess.com INT"]
[Date "2025.06.10"]
[Round "2"]
[White "Panin, Mikhail"]
[Black "Hofstadler, Mario"]
[Result "1-0"]
[WhiteTitle "CM"]
[BlackTitle "CM"]
[WhiteElo "2255"]
[BlackElo "2172"]
[WhiteFideId "34164992"]
[BlackFideId "1660497"]
[EventDate "2025.06.10"]

1. b3 b6 2. e4 Bb7 3. Nc3 e6 4. Bb2 d6 5. d4 Nd7 6. Qd2 g6 7. d5 Bg7 8. O-O-O e5
9. Kb1 a5 10. a4 Ne7 11. f3 O-O 12. g4 f5 13. gxf5 gxf5 14. Nge2 f4 15. h4 Nf6
16. Nb5 Nh5 17. Bh3 Bc8 18. Rdg1 Rf6 19. Qc3 Bxh3 20. Rxh3 Rc8 21. Rg5 Rh6 22.
Rh2 Ng6 23. Na7 Ra8 24. Nc6 Qf8 25. Rhg2 Kh8 26. Rf5 Qg8 27. Rgg5 Ng3 28. Nxg3
fxg3 29. h5 Nf4 30. Rxf4 Rxh5 31. Rxh5 exf4 32. Qd2 Bxb2 33. Kxb2 g2 34. Qd4+
Qg7 35. Qxg7+ Kxg7 36. Rg5+ Kf6 37. Rxg2 h5 38. Nd4 Rh8 39. Ne6 h4 40. Nxf4 Ke5
41. Ng6+ 1-0

[Event "Titled Tue 10th Jun Late"]
[Site "chess.com INT"]
[Date "2025.06.10"]
[Round "2"]
[White "Askarov, Bakhtiyar"]
[Black "Aditya, Varun Gampa"]
[Result "1-0"]
[WhiteTitle "IM"]
[BlackTitle "FM"]
[WhiteElo "2297"]
[BlackElo "2186"]
[WhiteFideId "13701100"]
[BlackFideId "45066183"]
[EventDate "2025.06.10"]

1. Nf3 a6 2. c4 c5 3. Nc3 Nf6 4. g3 g6 5. Bg2 Bg7 6. O-O O-O 7. d4 cxd4 8. Nxd4
d6 9. b3 Qc7 10. Bb2 Nc6 11. Nc2 Rb8 12. Ne3 e6 13. Rc1 Rd8 14. Qd2 Bd7 15. Rfd1
Be8 16. Ncd5 exd5 17. cxd5 Qb6 18. Nc4 Qc7 19. dxc6 Bxc6 20. Na5 d5 21. Nxc6
bxc6 22. Qd3 a5 23. Bd4 Ne8 24. Bxg7 Nxg7 25. Qc3 Qe7 26. e3 Qa3 27. Qxc6 Qxa2
28. Bxd5 Nf5 29. Qf6 Rd7 30. Bc4 Re7 31. g4 Nxe3 32. Qxe7 Nxc4 33. Rxc4 Qe2 34.
Qxe2 1-0

[Event "Titled Tue 10th Jun Late"]
[Site "chess.com INT"]
[Date "2025.06.10"]
[Round "2"]
[White "Schernthaner, David"]
[Black "Esipenko, Andrey"]
[Result "0-1"]
[WhiteTitle "FM"]
[BlackTitle "GM"]
[WhiteElo "2401"]
[BlackElo "2689"]
[WhiteFideId "1649574"]
[BlackFideId "24175439"]
[EventDate "2025.06.10"]

1. b3 a5 2. Bb2 a4 3. e4 e6 4. Nf3 a3 5. Bc3 Nf6 6. d3 c5 7. Qc1 b5 8. Nxa3 b4
9. Bxf6 gxf6 10. Nc4 d5 11. Ne3 Nc6 12. exd5 exd5 13. Be2 f5 14. a4 Rg8 15. O-O
f4 16. Nd1 Qf6 17. Re1 Be6 18. Bf1 Bg7 19. Rb1 Kd7 20. Nb2 Kd6 21. d4 Nxd4 22.
Nxd4 Qxd4 23. Nd3 Bh6 24. Kh1 Rae8 25. f3 Bd7 26. Qd2 Re3 27. Rxe3 fxe3 28. Qe1
f5 29. Rd1 Qf6 30. f4 d4 31. Ne5 Bxf4 32. Nc4+ Kc7 33. Qe2 Bc6 34. Kg1 Qh4 35.
g3 Bxg3 36. hxg3 Qxg3+ 37. Bg2 Bxg2 38. Qxg2 Qxg2# 0-1

[Event "Titled Tue 10th Jun Late"]
[Site "chess.com INT"]
[Date "2025.06.10"]
[Round "2"]
[White "Harshal, Shahi"]
[Black "Loskutova, Viktoriya"]
[Result "1-0"]
[WhiteTitle "FM"]
[BlackTitle "WFM"]
[WhiteElo "2143"]
[BlackElo "2092"]
[WhiteFideId "5048257"]
[BlackFideId "34166278"]
[EventDate "2025.06.10"]

1. e4 c5 2. Nc3 e6 3. Nge2 a6 4. g3 Nf6 5. Bg2 Nc6 6. O-O Qc7 7. d3 Be7 8. h3 d6
9. f4 b5 10. g4 h6 11. Ng3 Bb7 12. Nce2 Nd4 13. c3 Nxe2+ 14. Qxe2 O-O 15. f5 d5
16. e5 Nd7 17. d4 Bh4 18. Nh5 cxd4 19. cxd4 Qb6 20. Be3 Rac8 21. Qd2 Kh7 22.
Nxg7 Kxg7 23. Bxh6+ Kh7 24. Bxf8 Rxf8 25. fxe6 fxe6 26. Rxf8 Nxf8 27. Rf1 Ng6
28. Qd3 Kg7 29. Kh2 Qc7 30. Qf3 1-0

[Event "Titled Tue 10th Jun Late"]
[Site "chess.com INT"]
[Date "2025.06.10"]
[Round "2"]
[White "Rodrigues, Leonardo De Miranda"]
[Black "Andrews, Todd"]
[Result "1-0"]
[BlackTitle "FM"]
[WhiteElo "2111"]
[BlackElo "2097"]
[WhiteFideId "2108658"]
[BlackFideId "2012456"]
[EventDate "2025.06.10"]

1. d4 Nf6 2. Nf3 c5 3. e3 e6 4. c4 b6 5. d5 exd5 6. cxd5 d6 7. Nc3 a6 8. a4 g6
9. Bd3 Bg7 10. O-O O-O 11. h3 Bb7 12. e4 Re8 13. Re1 Nbd7 14. Bf4 Qc7 15. Rc1
Nh5 16. Bh2 Ne5 17. g4 Nxd3 18. Qxd3 Nf6 19. Nd2 Nd7 20. f4 Re7 21. Nc4 Bd4+ 22.
Kf1 Ree8 23. Re2 Qd8 24. Rce1 Nf6 25. Qf3 b5 26. axb5 axb5 27. Nxb5 Ba6 28.
Nbxd6 Rf8 29. b3 Nd7 30. Bg1 Qh4 31. Bxd4 cxd4 32. Kg2 Nc5 33. Qg3 Qxg3+ 34.
Kxg3 Nxb3 35. Rd1 Rfd8 36. Rb2 Rab8 37. e5 Nc5 38. Rxb8 Rxb8 39. Rxd4 Rb3+ 40.
Kh4 h6 41. Ne4 Nxe4 42. Rxe4 Rc3 43. Ne3 Kg7 44. f5 gxf5 45. gxf5 Bd3 46. Rg4+
Kh7 47. d6 Be2 48. Rg3 Rd3 49. Ng4 Rd4 50. Re3 Bd1 51. Kg3 h5 52. Nf6+ Kh6 53.
d7 h4+ 54. Kf2 Rf4+ 55. Ke1 Rd4 56. e6 fxe6 57. fxe6 Ba4 58. e7 Bxd7 59. Nxd7 1-0

[Event "Titled Tue 10th Jun Late"]
[Site "chess.com INT"]
[Date "2025.06.10"]
[Round "2"]
[White "Walmer, Benjamin"]
[Black "Matinian, Nikita"]
[Result "0-1"]
[BlackTitle "GM"]
[WhiteElo "1990"]
[BlackElo "2421"]
[WhiteFideId "30958164"]
[BlackFideId "24129100"]
[EventDate "2025.06.10"]

1. e4 e5 2. Nf3 Nc6 3. Bb5 a6 4. Ba4 Bc5 5. O-O d6 6. c3 Ba7 7. d4 Bg4 8. d5 b5
9. dxc6 bxa4 10. Be3 Ne7 11. Nbd2 Bxe3 12. fxe3 a3 13. Qa4 axb2 14. Rab1 Qb8 15.
Rf2 Qb5 16. Qxb5 axb5 17. Rxb2 Nxc6 18. Rxb5 Rxa2 19. Nc4 Ra1+ 20. Rf1 Rxf1+ 21.
Kxf1 Kd7 22. Rb7 Kc8 23. Rb2 Be6 24. Nfd2 Kd7 25. Rb7 Rb8 26. Nb6+ Kd8 27. Rxb8+
Nxb8 28. Nd5 c6 29. Nb4 Kc7 30. Kf2 Nd7 31. Nd3 f6 32. h3 Kb6 33. Ke1 Kb5 34.
Kd1 Nb6 35. Nb2 g5 36. Kc2 h5 37. Kd3 h4 38. Nd1 Na4 39. Nf2 Nc5+ 40. Kc2 Bc4
41. Kb2 Nd3+ 42. Nxd3 Bxd3 43. Kb3 d5 44. exd5 cxd5 45. Nf3 Be4 46. Ne1 Kc5 47.
Kb2 Kc4 48. Nf3 Bxf3 49. gxf3 f5 50. Kc2 g4 51. fxg4 fxg4 52. hxg4 h3 53. g5 h2
54. g6 h1=Q 55. g7 Qg2+ 0-1

[Event "Titled Tue 10th Jun Late"]
[Site "chess.com INT"]
[Date "2025.06.10"]
[Round "2"]
[White "Castillo Pena, Patricia Evarista"]
[Black "Donoso Aguirre, Maximiliano"]
[Result "0-1"]
[WhiteTitle "WFM"]
[BlackTitle "CM"]
[WhiteElo "1909"]
[BlackElo "2050"]
[WhiteFideId "6412106"]
[BlackFideId "3458920"]
[EventDate "2025.06.10"]

1. d4 d5 2. Nf3 Nf6 3. e3 e6 4. Bd3 c5 5. b3 Nc6 6. Bb2 Be7 7. O-O O-O 8. Nbd2
b6 9. Ne5 Bb7 10. f4 Bd6 11. a3 Ne7 12. Qe2 Bc7 13. Rad1 Nf5 14. dxc5 bxc5 15.
c4 d4 16. exd4 Nxd4 17. Qf2 Nd7 18. Ne4 Bxe4 19. Bxe4 Bxe5 20. fxe5 Rb8 21. b4
Qc7 22. bxc5 Nb3 23. c6 Nxe5 24. Qg3 Qb6+ 25. Kh1 Ng6 26. h4 Na5 27. Ba1 f5 28.
h5 fxe4 29. Rxf8+ Rxf8 30. hxg6 h6 31. Qe5 Rf6 32. Qd6 Nb7 0-1

[Event "Titled Tue 10th Jun Late"]
[Site "chess.com INT"]
[Date "2025.06.10"]
[Round "2"]
[White "Thake, Conrad"]
[Black "Vemparala, Nikash"]
[Result "1-0"]
[WhiteTitle "CM"]
[BlackTitle "CM"]
[WhiteElo "1873"]
[BlackElo "2187"]
[WhiteFideId "5602947"]
[BlackFideId "30960967"]
[EventDate "2025.06.10"]

1. e4 e5 2. Nf3 Nc6 3. Bc4 Bc5 4. d3 Nf6 5. c3 O-O 6. O-O a6 7. a4 Ba7 8. h3 d6
9. Re1 h6 10. Nbd2 Be6 11. b4 Qd7 12. Bxe6 Qxe6 13. Nf1 Ne7 14. Ng3 Rad8 15. c4
c6 16. Be3 Bxe3 17. fxe3 Ng6 18. Qc2 d5 19. exd5 cxd5 20. c5 Rfe8 21. e4 dxe4
22. dxe4 Nf4 23. Rad1 Kh7 24. Nf5 Rxd1 25. Rxd1 Qc6 26. Nd6 Re7 27. Kh2 Ne8 28.
Qd2 Nxd6 29. Qxd6 Qxa4 30. Qxe7 Qxd1 31. Qxe5 Ne6 32. Qf5+ Kg8 33. Ne5 Nd8 34.
Qc8 Qd4 35. Nd7 Kh7 36. Qxd8 Qxe4 37. Nf8+ Kg8 38. Nd7+ Kh7 39. Qc7 Qxb4 40. Qe5
a5 41. Nf8+ Kg8 42. Nd7 a4 43. Qe8+ Kh7 44. Qxf7 a3 45. Nf6+ Kh8 46. Qg8# 1-0

[Event "Titled Tue 10th Jun Late"]
[Site "chess.com INT"]
[Date "2025.06.10"]
[Round "2"]
[White "Lie, Kjetil A."]
[Black "Liu, Jason"]
[Result "1-0"]
[WhiteTitle "GM"]
[BlackTitle "CM"]
[WhiteElo "2493"]
[BlackElo "2125"]
[WhiteFideId "1501984"]
[BlackFideId "2514656"]
[EventDate "2025.06.10"]

1. e4 e6 2. d4 b6 3. Nc3 Bb7 4. Bd3 Bb4 5. Nf3 Nf6 6. Qe2 d5 7. exd5 Nxd5 8. Bd2
Nd7 9. Nxd5 Bxd2+ 10. Nxd2 Bxd5 11. O-O Nf6 12. Rad1 O-O 13. Rfe1 Bb7 14. Nf3
Qe7 15. c3 Rfd8 16. Ba6 Bxf3 17. Qxf3 c5 18. d5 e5 19. d6 Qe6 20. b3 Rab8 21.
Bc4 Qe8 22. Qf5 e4 23. Bd5 Nxd5 24. Qxd5 Qe6 25. Rxe4 Qxd5 26. Rxd5 Rb7 27. Re7
Rbd7 28. f4 Kf8 29. Rxd7 Rxd7 30. Kf2 g6 31. g4 Ke8 32. Kf3 Rd8 33. Re5+ Kf8 34.
Rd5 Ke8 35. f5 Kd7 36. Kf4 f6 37. h4 Kc6 38. c4 Rxd6 39. Rxd6+ Kxd6 40. fxg6
hxg6 41. h5 gxh5 42. gxh5 1-0

[Event "Titled Tue 10th Jun Late"]
[Site "chess.com INT"]
[Date "2025.06.10"]
[Round "2"]
[White "Henriquez Villagra, Cristobal"]
[Black "Manzone, Alessandro"]
[Result "1-0"]
[WhiteTitle "GM"]
[BlackTitle "FM"]
[WhiteElo "2597"]
[BlackElo "2397"]
[WhiteFideId "3409350"]
[BlackFideId "112488"]
[EventDate "2025.06.10"]

1. e4 e5 2. Nf3 Nc6 3. g3 Nf6 4. d3 d6 5. Bg2 g6 6. O-O Bg7 7. c4 O-O 8. Nc3 Nd7
9. Nd5 Nc5 10. Bg5 f6 11. Be3 Ne6 12. Qd2 Ncd4 13. Nxd4 Nxd4 14. Bxd4 exd4 15.
f4 a5 16. f5 g5 17. Qf2 c6 18. Qxd4 cxd5 19. exd5 Re8 20. b3 Bd7 21. Be4 Qc7 22.
Qf2 Qc5 23. d4 Qc7 24. Bd3 Re7 25. Rae1 Rae8 26. Re6 Bxe6 27. fxe6 Bh8 28. Bf5
b6 29. Rc1 Rc8 30. Kg2 Qd8 31. a4 Rcc7 32. Qf3 Qc8 33. Kf1 Qf8 34. Ke2 Qh6 35.
Rh1 Qf8 36. Kd3 Rg7 37. g4 h5 38. gxh5 g4 39. Bxg4 f5 40. Bxf5 Qf6 41. Rf1 Rg5
42. Qe4 Kg7 43. Rf4 Kh6 44. Bg4 Qg7 45. h4 Rxg4 46. Rxg4 Qxd4+ 47. Qxd4 1-0

[Event "Titled Tue 10th Jun Late"]
[Site "chess.com INT"]
[Date "2025.06.10"]
[Round "2"]
[White "Cadena M, Gustavo Adolfo"]
[Black "Shehzad, Shazil"]
[Result "1-0"]
[WhiteTitle "FM"]
[BlackTitle "FM"]
[WhiteElo "2258"]
[BlackElo "2354"]
[WhiteFideId "4404815"]
[BlackFideId "1521942"]
[EventDate "2025.06.10"]

1. d4 Nf6 2. c4 e6 3. Nc3 Bb4 4. e3 O-O 5. Ne2 Re8 6. a3 Bf8 7. g3 d5 8. b3 dxc4
9. bxc4 c5 10. Bg2 cxd4 11. exd4 Nc6 12. O-O Na5 13. Qd3 Bd7 14. Bg5 Rc8 15. c5
Bc6 16. Bxc6 Nxc6 17. Ne4 Be7 18. Bxf6 gxf6 19. Rfd1 f5 20. N4c3 Bf6 21. Nb5 Be7
22. Nf4 a6 23. Nc3 Bf6 24. Nce2 Ne7 25. Nh5 Bh8 26. Rab1 Rc7 27. Qe3 Ng6 28.
Nef4 Rd7 29. Ne2 Qc7 30. Qg5 Qd8 31. Qh6 Qe7 32. Nef4 Red8 33. d5 Nxf4 34. Nxf4
Bg7 35. Qh5 e5 36. d6 Qf6 37. Nd5 Qe6 38. Ne7+ Kh8 39. Nxf5 Qc4 40. Rb4 Qe6 41.
Rh4 Qg6 42. Qf3 Qf6 43. Qe4 1-0

[Event "Titled Tue 10th Jun Late"]
[Site "chess.com INT"]
[Date "2025.06.10"]
[Round "2"]
[White "Manukian, Artak"]
[Black "Nigalidze, Gaioz"]
[Result "0-1"]
[BlackTitle "IM"]
[WhiteElo "2104"]
[BlackElo "2368"]
[WhiteFideId "13301373"]
[BlackFideId "13603078"]
[EventDate "2025.06.10"]

1. e4 c5 2. Nf3 d6 3. Bb5+ Bd7 4. Bxd7+ Qxd7 5. c4 e5 6. Nc3 Nc6 7. a3 Be7 8. d3
f5 9. Nd5 Bd8 10. b4 b6 11. b5 Nce7 12. O-O Nxd5 13. exd5 Bf6 14. Ra2 h6 15. a4
a5 16. Re1 Ne7 17. h3 g5 18. Nh2 h5 19. Rae2 g4 20. f4 gxf3 21. Nxf3 Rg8 22. h4
f4 23. d4 cxd4 24. Qd3 O-O-O 25. Qh7 Qf5 26. Qf7 Rdf8 27. Qe6+ Qxe6 28. dxe6 Nf5
29. Ba3 Re8 30. c5 bxc5 31. b6 Kb7 32. Rb2 Ne3 33. Ree2 Rxe6 34. Rb5 e4 35. Ng5
Bxg5 36. hxg5 Rxg5 37. Rxa5 Kxb6 38. Rb5+ Kc6 39. Reb2 Nc4 40. Ra2 f3 41. Bc1
Rxg2+ 42. Rxg2 fxg2 43. Kxg2 e3 44. Rb1 e2 0-1

[Event "Titled Tue 10th Jun Late"]
[Site "chess.com INT"]
[Date "2025.06.10"]
[Round "2"]
[White "Naranjo Moreno, Antonio"]
[Black "Shapiro, Daniel"]
[Result "1-0"]
[WhiteTitle "FM"]
[BlackTitle "FM"]
[WhiteElo "2289"]
[BlackElo "2284"]
[WhiteFideId "2278626"]
[BlackFideId "2001780"]
[EventDate "2025.06.10"]

1. e4 c5 2. Nf3 Nc6 3. d4 cxd4 4. Nxd4 Nf6 5. Nc3 d6 6. Bg5 Qb6 7. Nb3 e6 8. Qd2
Be7 9. O-O-O a6 10. Be3 Qc7 11. f4 O-O 12. Bd3 b5 13. Rhg1 Bb7 14. g4 b4 15. Ne2
d5 16. e5 Ne4 17. Bxe4 dxe4 18. Bc5 Bxc5 19. Nxc5 Nxe5 20. Nxb7 Nf3 21. Qd7 Qc4
22. Nd4 Nxg1 23. Rxg1 Qxa2 24. Nb3 a5 25. Qd4 a4 26. N3c5 e3 27. Qxe3 Qa1+ 28.
Kd2 Qxb2 29. Qe5 Qa2 30. Ra1 Qc4 31. Rxa4 Rxa4 32. Nxa4 Qc6 33. Nac5 Qg2+ 34.
Qe2 Qd5+ 35. Kc1 Ra8 36. Qe4 Ra1+ 37. Kb2 Qd1 38. Kb3 Rb1+ 39. Kc4 Qf1+ 40. Nd3
Qd1 41. Nxb4 1-0

[Event "Titled Tue 10th Jun Late"]
[Site "chess.com INT"]
[Date "2025.06.10"]
[Round "2"]
[White "Aliyev, Elnur"]
[Black "Vila Dupla, Aurelio"]
[Result "1-0"]
[WhiteTitle "CM"]
[BlackTitle "FM"]
[WhiteElo "2123"]
[BlackElo "2056"]
[WhiteFideId "13402617"]
[BlackFideId "2203383"]
[EventDate "2025.06.10"]

1. e4 c5 2. Nf3 d6 3. d4 cxd4 4. Nxd4 Nf6 5. Nc3 g6 6. Be3 Bg7 7. f3 O-O 8. Qd2
Nc6 9. Bc4 Bd7 10. h4 Ne5 11. Be2 h5 12. Bh6 Rc8 13. Bxg7 Kxg7 14. O-O-O Qa5 15.
Kb1 Rxc3 16. Qxc3 Qxc3 17. bxc3 Rc8 18. Kb2 Rc5 19. Nb3 Rc7 20. Rhg1 Be6 21. Nd4
Bc4 22. Bd3 a6 23. Nb3 b6 24. Nc1 d5 25. f4 Neg4 26. e5 Ne4 27. Bxe4 dxe4 28.
Rd4 e3 29. Re1 f6 30. Nd3 Bxd3 31. cxd3 fxe5 32. fxe5 Kf7 33. Rxg4 hxg4 34. Rxe3
Ke6 35. Re4 Kf5 36. g3 b5 37. Rf4+ Kxe5 38. Rxg4 Kf5 39. Rf4+ Ke5 40. d4+ Ke6
41. Kb3 Rc4 42. a3 Rc6 43. g4 Rc4 44. h5 gxh5 45. gxh5 Rc8 46. h6 Rh8 47. Rh4
Kd5 48. h7 e6 49. Rh5+ Kd6 50. Kb4 Kc6 51. Ka5 Kb7 52. Rh6 1-0

[Event "Titled Tue 10th Jun Late"]
[Site "chess.com INT"]
[Date "2025.06.10"]
[Round "2"]
[White "Martinez Alcantara, Jose Eduardo"]
[Black "Hungaski, Robert"]
[Result "1-0"]
[WhiteTitle "GM"]
[BlackTitle "GM"]
[WhiteElo "2611"]
[BlackElo "2477"]
[WhiteFideId "3805662"]
[BlackFideId "2021030"]
[EventDate "2025.06.10"]

1. c4 e6 2. Nf3 f5 3. g3 Nf6 4. Bg2 Be7 5. O-O O-O 6. d3 d6 7. Nc3 c6 8. e4 e5
9. exf5 Bxf5 10. d4 e4 11. Ng5 d5 12. Qb3 Qb6 13. cxd5 Qxb3 14. axb3 cxd5 15. f3
Nc6 16. fxe4 Nxe4 17. Ngxe4 dxe4 18. Be3 Nb4 19. Rxf5 Rxf5 20. Bxe4 Rff8 21.
Bxb7 Rae8 22. Rxa7 Bd6 23. Ne4 Bb8 24. Ra4 Nd3 25. Bc6 Re7 26. Bg5 Ra7 27. d5
Nxb2 28. Rxa7 Bxa7+ 29. Kg2 Nd3 30. d6 Ne5 31. Bd5+ Kh8 32. Be7 Rc8 33. Ng5 Rc2+
34. Kh3 Bg1 35. Nf3 Nxf3 36. Bxf3 Rxh2+ 37. Kg4 Bc5 38. Kf5 Rd2 39. Ke6 Rd3 40.
Bd5 Re3+ 41. Kd7 Rxg3 42. Kc6 Rc3 43. Bc4 Ba3 44. Bd8 Rf3 45. d7 Rf7 46. Bxf7 1-0

[Event "Titled Tue 10th Jun Late"]
[Site "chess.com INT"]
[Date "2025.06.10"]
[Round "2"]
[White "Lazaro Azcutia, Miguel"]
[Black "Paszewski, Mateusz"]
[Result "0-1"]
[WhiteTitle "CM"]
[BlackTitle "FM"]
[WhiteElo "2275"]
[BlackElo "2361"]
[WhiteFideId "54538254"]
[BlackFideId "1141058"]
[EventDate "2025.06.10"]

1. e4 c5 2. Nf3 d6 3. Nc3 Nc6 4. d4 cxd4 5. Nxd4 g6 6. Be3 Bg7 7. Qd2 Nf6 8. f3
O-O 9. O-O-O d5 10. exd5 Nxd5 11. Nxc6 bxc6 12. Bd4 Nxc3 13. Qxc3 Bh6+ 14. Be3
Bxe3+ 15. Qxe3 Qb6 16. Re1 Be6 17. b3 Rfd8 18. h4 h5 19. Bd3 Kg7 20. Qe5+ Kh6
21. Qg5+ Kg7 22. Rxe6 fxe6 23. Qxg6+ Kf8 24. Qh6+ Ke8 25. Qxe6 Rxd3 26. cxd3 Rd8
27. Re1 Qc5+ 28. Qc4 Qd6 29. Kc2 Kd7 30. Re4 Kc7 31. Re2 Kb7 32. Qe4 Rd7 33. d4
Qb4 34. Kb2 Kb6 35. Qe3 Rxd4 36. a3 Qd6 37. Rd2 e5 38. Rxd4 exd4 39. Qd3 Qe5 40.
Qd2 d3+ 41. Kc1 Qa1# 0-1

[Event "Titled Tue 10th Jun Late"]
[Site "chess.com INT"]
[Date "2025.06.10"]
[Round "2"]
[White "Bacus, Dharim"]
[Black "Xhembulla, Aleksander"]
[Result "1-0"]
[WhiteTitle "FM"]
[BlackTitle "FM"]
[WhiteElo "2131"]
[BlackElo "2295"]
[WhiteFideId "5201527"]
[BlackFideId "4705114"]
[EventDate "2025.06.10"]

1. e4 c5 2. Nf3 d6 3. d4 cxd4 4. Nxd4 Nf6 5. Nc3 g6 6. f3 Bg7 7. Be3 Nc6 8. Qd2
O-O 9. Bc4 Bd7 10. O-O-O Qa5 11. Kb1 Rfc8 12. Bb3 Rab8 13. h4 h5 14. g4 hxg4 15.
h5 Nxh5 16. fxg4 Bxg4 17. Rdg1 Ne5 18. Rh4 Nf6 19. Bh6 Bh8 20. Nd5 Qxd2 21.
Nxe7+ Kh7 22. Bxd2+ Bh5 23. Nxc8 Rxc8 24. Nb5 Nf3 25. Nxd6 Rc6 26. Nxf7 Nxh4 27.
e5 Nf3 28. Rg2 Ne4 29. Bc1 Nxe5 30. Bd5 Nxf7 31. Bxe4 Rb6 32. Rh2 Kg8 33. Be3
Rxb2+ 34. Kc1 Rxa2 35. Rg2 Ne5 36. Bd5+ Kh7 37. Bxa2 Bf6 38. Rf2 Ng4 39. Rf3 Kg7
40. Kb1 Ne5 41. Rf1 b6 42. Bd4 Be2 43. Re1 Nf3 44. Bxf6+ Kxf6 45. Rxe2 g5 46.
Rf2 g4 47. Bd5 Ke5 48. Bxf3 gxf3 49. Rxf3 1-0

[Event "Titled Tue 10th Jun Late"]
[Site "chess.com INT"]
[Date "2025.06.10"]
[Round "2"]
[White "Rabin, Evan"]
[Black "Gyurjinyan, Valter"]
[Result "0-1"]
[BlackTitle "CM"]
[WhiteElo "1945"]
[BlackElo "2208"]
[WhiteFideId "2028670"]
[BlackFideId "13318179"]
[EventDate "2025.06.10"]

1. e4 c5 2. Nf3 d6 3. Bb5+ Nd7 4. O-O Nf6 5. Re1 e6 6. c3 a6 7. Ba4 b5 8. Bc2
Bb7 9. d4 Be7 10. e5 Nd5 11. Nbd2 O-O 12. Ne4 dxe5 13. dxe5 h6 14. Qe2 Qc7 15.
Ng3 Rfd8 16. Qe4 N5f6 17. Qf4 Ne8 18. Qg4 Bxf3 19. Qxf3 Nxe5 20. Qe4 Ng6 21. Qg4
Nf6 22. Qe2 Nf4 23. Qf3 N4d5 24. Ne4 Nxe4 25. Qxe4 Nf6 26. Qf3 Rd5 27. Bf4 Qd7
28. a4 Rd8 29. axb5 axb5 30. Be5 Rd2 31. Rac1 Qd5 32. Qg3 Bd6 33. Bxd6 Qxd6 34.
Qe3 Ng4 35. Qg3 Nxf2 36. Qxd6 R8xd6 37. Rf1 Nd3 38. Bxd3 R6xd3 39. Rf2 Rxf2 40.
Kxf2 Rd2+ 41. Kf3 Rxb2 42. Rd1 b4 43. Rd8+ Kh7 44. cxb4 cxb4 45. Rd7 Kg6 46. Rb7
b3 47. h4 h5 48. g4 Kf6 49. gxh5 Rb1 50. Kg4 b2 51. h6 Rg1+ 52. Kh5 g6# 0-1

[Event "Titled Tue 10th Jun Late"]
[Site "chess.com INT"]
[Date "2025.06.10"]
[Round "2"]
[White "Lizak, Jakub"]
[Black "Lewandowski, Rafal"]
[Result "0-1"]
[WhiteTitle "CM"]
[BlackTitle "CM"]
[WhiteElo "2219"]
[BlackElo "2088"]
[WhiteFideId "1158520"]
[BlackFideId "1111981"]
[EventDate "2025.06.10"]

1. e4 c5 2. Nf3 e6 3. g3 d5 4. d3 Nf6 5. Nbd2 Be7 6. Bg2 O-O 7. O-O Nc6 8. Re1
a6 9. e5 Ne8 10. c4 b5 11. h4 g6 12. h5 Ng7 13. h6 Nf5 14. Nf1 Bb7 15. Bf4 dxc4
16. dxc4 Qb6 17. Bg5 Rad8 18. Qc1 Qc7 19. Bxe7 Qxe7 20. cxb5 axb5 21. a4 b4 22.
N1d2 Ncd4 23. a5 Ba6 24. Ne4 Nb3 25. Nf6+ Kh8 26. Qf4 Nxa1 27. Rxa1 Nd4 28. Re1
Ne2+ 29. Rxe2 Bxe2 30. Ng5 c4 31. Nfxh7 c3 32. bxc3 bxc3 33. Nxf8 Rxf8 34. a6
Bxa6 35. Ne4 c2 36. Nd6 Bd3 37. Qd2 Rb8 38. Kh2 Rb1 39. Qa5 c1=Q 40. Qa8+ Kh7
41. Ne8 Qg1+ 42. Kh3 Bf5+ 43. g4 Rb3+ 44. f3 Bxg4+ 45. Kg3 Qe1+ 46. Kxg4 Q7h4# 0-1

[Event "Titled Tue 10th Jun Late"]
[Site "chess.com INT"]
[Date "2025.06.10"]
[Round "2"]
[White "Shearsby, Jude"]
[Black "Santos, Antonio P"]
[Result "1-0"]
[WhiteTitle "CM"]
[BlackTitle "FM"]
[WhiteElo "2160"]
[BlackElo "2165"]
[WhiteFideId "462527"]
[BlackFideId "1900161"]
[EventDate "2025.06.10"]

1. b4 e5 2. Bb2 Bxb4 3. Bxe5 Nf6 4. c3 Be7 5. d4 d5 6. Nf3 O-O 7. e3 Bg4 8. Nbd2
Nbd7 9. Bg3 c5 10. h3 Bh5 11. Bd3 b6 12. O-O Rc8 13. a4 Re8 14. Be2 Ne4 15. Nxe4
dxe4 16. Nd2 Bg6 17. d5 Nf6 18. c4 Bd6 19. Bxd6 Qxd6 20. a5 h5 21. Qb3 h4 22.
axb6 axb6 23. Ra6 Rb8 24. Rb1 Nd7 25. Nf1 f5 26. Ra7 Ne5 27. Ra6 Nd7 28. Ra7 Ne5
29. Qc3 Re7 30. Ra6 Reb7 31. Bd1 Nf7 32. Ba4 Qe5 33. Qc2 Nd8 34. Bc6 Nxc6 35.
dxc6 Rc7 36. Raxb6 Rbc8 37. Qa4 Be8 38. Qa5 Rxc6 39. Nd2 Rxb6 40. Rxb6 Kh7 41.
Nb3 Bf7 42. Qa6 Qc3 43. Qxc8 Bg6 44. Qc7 Qe1+ 45. Kh2 Qxf2 46. Nxc5 Qxe3 47. Rb7
Qh6 48. Ne6 e3 49. Qxg7+ Qxg7 50. Rxg7+ Kh6 51. Re7 e2 52. Nf4 Kg5 53. Nxg6 1-0